00290nam a22000977a 4500082001900000100002500019245005800044260006100102300002100163563000800184 a340.95491bKAY aKayani, Malik Rustam aA Judge may laugh and even cry /cMalik Rustam Kayani aLahore :bPakistan Writers' Co-operative Society,c1970. a165 p. ;c22 cm. aHB.